000 00591nam a2200205Ia 4500
005 20250923145422.0
008 008 250917s9999 xx 000 0 eng d
037 _aTextual
040 _aDSWL
_beng
_cDSWL
041 _aeng
_2eng
084 _aX:75:2:g, N78
_qDSWL
100 _aSingh, Charan
_9835104
245 0 _aIndia's Economic policy : The Gandhian Blueprint
_c by Charan Singh
260 _aNew Delhi
_b Vikas
_c1978
300 _avii,127 p.
365 _aINR
_b30 . 0
925 _g30 . 0
942 _cTEXL
_hX:75:2:g, N78
999 _c1451121
_d1451121